Internal combustion engines, applied thermosciences (Record no. 5192)

000 -LEADER
fixed length control field 00834nam a2200253 a 4500
001 - CONTROL NUMBER
control field 5192
003 - CONTROL NUMBER IDENTIFIER
control field BD-DhUET
008 - FIXED-LENGTH DATA ELEMENTS--GENERAL INFORMATION
fixed length control field 850318s1986 nyua b 001 0 eng
020 ## - INTERNATIONAL STANDARD BOOK NUMBER
International Standard Book Number 0471881295
040 ## - CATALOGING SOURCE
Original cataloging agency DLC
Transcribing agency DLC
Modifying agency BD-DhUET
082 00 - DEWEY DECIMAL CLASSIFICATION NUMBER
Classification number 621.43
Item number FER/1986
100 1# - MAIN ENTRY--PERSONAL NAME
Personal name Ferguson, Colin R.
245 10 - TITLE STATEMENT
Title Internal combustion engines, applied thermosciences
Statement of responsibility, etc. Colin R. Ferguson.
250 ## - EDITION STATEMENT
Edition statement 1st ed.
260 ## - PUBLICATION, DISTRIBUTION, ETC. (IMPRINT)
Place of publication, distribution, etc. New York :
Name of publisher, distributor, etc. Wiley,
Date of publication, distribution, etc. 1986.
300 ## - PHYSICAL DESCRIPTION
Extent x, 546 p. :
Other physical details ill. ;
Dimensions 25 cm.
504 ## - BIBLIOGRAPHY, ETC. NOTE
Bibliography, etc Includes bibliographies.
650 #0 - SUBJECT ADDED ENTRY--TOPICAL TERM
Topical term or geographic name as entry element Internal combustion engines.
650 #0 - SUBJECT ADDED ENTRY--TOPICAL TERM
Topical term or geographic name as entry element Thermodynamics.
856 4# - ELECTRONIC LOCATION AND ACCESS
Uniform Resource Identifier http://www.loc.gov/catdir/toc/onix01/85006346.html
856 42 - ELECTRONIC LOCATION AND ACCESS
Uniform Resource Identifier http://www.loc.gov/catdir/enhancements/fy0607/85006346-b.html
856 42 - ELECTRONIC LOCATION AND ACCESS
Uniform Resource Identifier http://www.loc.gov/catdir/enhancements/fy0607/85006346-d.html
942 ## - ADDED ENTRY ELEMENTS (KOHA)
Koha item type General Book
Holdings
Location (home branch) Sublocation or collection (holding branch) Shelving location Koha full call number Withdrawn status Not for loan Koha issues (times borrowed) Price effective from Koha normalized classification for sorting Damaged status Source of classification or shelving scheme Date acquired Koha date last borrowed Koha item type Koha date last seen Piece designation (barcode) Lost status
Central Library, BUETCentral Library, BUETCirculation section621.43/FER/1986  42014-11-25621_430000000000000_FER_1986  2014-11-252025-04-30General Book2025-07-0267523